000 00424nam a2200181Ia 4500
001 15244
005 20260306165013.0
008 260306t2014||||xx |||||||||||||| ||spa||
041 _aESP
082 _a531
_bK61
100 _aKleppner, Daniel
_eAUT
245 3 _aAn introduction to mechanics
260 _c2014
300 _axx, 542 páginas :
_c25 cm.
650 _aGEN
654 _aCCN
942 _cLIB
_dJUS
_fJUS
_2ddc
_n
999 _c15244
_d15244